[Event "3. Winter-Open 2024"]
[Site "Nuernberg"]
[Date "2024.02.10"]
[Round "3.1"]
[White "Duong, Quang Bach"]
[Black "Ulusoy, Tolga"]
[Result "1-0"]
[WhiteElo "2180"]
[BlackElo "1996"]
[PlyCount "89"]
[EventDate "2024.??.??"]
[WhiteTeam "SF Augsburg"]
[BlackTeam "SC Noris-Tarrasch Nürnberg 1873"]

1. e4 c5 2. Nf3 d6 3. d4 cxd4 4. Qxd4 Nc6 5. Qe3 g6 6. Be2 Bg7 7. O-O Nf6 8. h3 O-O 9. Rd1 Qc7 10. Nc3 a6 11. a3 b5 12. Rb1 Bb7 13. Nd5 Nxd5 14. exd5 Ne5 15. c3 Rfe8 16. Nxe5 Bxe5 17. Qd3 Rac8 18. Bh6 Qc4 19. Qxc4 bxc4 20. Be3 Bg7 21. a4 e5 22. f3 f5 23. a5 Bf6 24. Ra1 f4 25. Bb6 e4 26. fxe4 Rxe4 27. Bf3 Re7 28. Re1 Rce8 29. Rxe7 Bxe7 30. Re1 Kf7 31. Re4 g5 32. Bh5+ Kf8 33. Bxe8 Kxe8 34. Rxc4 Bxd5 35. Rc7 h5 36. c4 Be4 37. Ra7 Bd3 38. b3 Bc2 39. b4 Bd3 40. Rxa6 Bxc4 41. Ra7 Bf6 42. a6 Bd5 43. Rc7 g4 44. hxg4 hxg4 45. a7 1-0

[Event "3. Winter-Open 2024"]
[Site "Nuernberg"]
[Date "2024.02.10"]
[Round "3.2"]
[White "Merkel, Luis"]
[Black "Hollmann, Thomas"]
[Result "1-0"]
[WhiteElo "2129"]
[BlackElo "1977"]
[PlyCount "101"]
[EventDate "2024.??.??"]
[WhiteTeam "SG Büchenbach/Roth e.V."]
[BlackTeam "SG Büchenbach/Roth e.V."]

1. Nf3 d5 2. g3 Nf6 3. Bg2 Bf5 4. c4 c6 5. Qb3 Qb6 6. d3 Nbd7 7. Be3 Qxb3 8. axb3 a6 9. Bd4 h6 10. O-O e6 11. Bc3 Bd6 12. Rd1 O-O 13. e4 dxe4 14. dxe4 Nxe4 15. Nh4 Ndc5 16. Nxf5 exf5 17. b4 Rad8 18. bxc5 Bxc5 19. Rf1 Nxc3 20. Nxc3 Rd2 21. Rad1 Rfd8 22. Bf3 Bb4 23. Kg2 R8d6 24. Rxd2 Rxd2 25. Rb1 Bc5 26. Nd1 a5 27. b3 Bd4 28. Kf1 Kf8 29. Be2 g6 30. Ne3 Ke7 31. Rd1 Bxe3 32. fxe3 Rb2 33. Rd3 Ke6 34. h4 h5 35. Ke1 b5 36. Rc3 b4 37. Rd3 Rc2 38. Kf2 Ra2 39. c5 Rb2 40. Rd6+ Ke7 41. Rxc6 Rxb3 42. Ra6 Ra3 43. Ra7+ Kd8 44. c6 Rc3 45. Rd7+ Kc8 46. Ba6+ Kb8 47. Rb7+ Kc8 48. Rxf7+ Kb8 49. Rb7+ Kc8 50. Rxb4+ Kc7 51. Rc4 1-0

[Event "3. Winter-Open 2024"]
[Site "Nuernberg"]
[Date "2024.02.10"]
[Round "3.3"]
[White "Meulner, Fabian"]
[Black "Hotman, Cagan Arhan"]
[Result "1-0"]
[WhiteElo "2060"]
[BlackElo "1855"]
[PlyCount "73"]
[EventDate "2024.??.??"]
[WhiteTeam "SC JÄKLECHEMIE Talente Franken e"]
[BlackTeam "SK Ingolstadt"]

1. d4 d5 2. c4 c6 3. Nf3 dxc4 4. e4 b5 5. a4 Nf6 6. e5 Nd5 7. Nc3 Nxc3 8. bxc3 g6 9. Be2 Bg7 10. O-O O-O 11. Ba3 Nd7 12. Ng5 h6 13. Ne4 Nb6 14. f4 h5 15. h3 Nd5 16. Qd2 Bf5 17. Nc5 Bh6 18. g4 Bd7 19. Kh2 Qc7 20. g5 Bg7 21. Nxd7 Qxd7 22. f5 Qc7 23. Kh1 Rfe8 24. Rf2 a5 25. Bc5 b4 26. Bxc4 bxc3 27. Qd3 Qd7 28. Raf1 Rab8 29. Rf3 Rb2 30. fxg6 fxg6 31. Qxg6 Rd2 32. e6 Qc7 33. Qxe8+ Kh7 34. Bd3+ Rxd3 35. Qxh5+ Kg8 36. Rf8+ Bxf8 37. Rxf8+ 1-0

[Event "3. Winter-Open 2024"]
[Site "Nuernberg"]
[Date "2024.02.10"]
[Round "3.4"]
[White "Heemann, Jonas"]
[Black "Klampfer, Matjaz"]
[Result "0-1"]
[WhiteElo "1370"]
[BlackElo "1916"]
[PlyCount "86"]
[EventDate "2024.??.??"]
[WhiteTeam "SK Nürnberg 1911 e.V."]
[BlackTeam "SG Büchenbach/Roth e.V."]

1. e4 g6 2. c3 Bg7 3. d4 d6 4. Nf3 Nf6 5. Bd3 O-O 6. Bg5 h6 7. Bh4 Qe8 8. h3 e5 9. dxe5 dxe5 10. Nbd2 b5 11. O-O Bb7 12. Qe2 a6 13. Rac1 c5 14. b3 Nc6 15. Nh2 Nh5 16. Bg3 Rd8 17. Rc2 Qd7 18. Bxb5 axb5 19. Qxb5 Qd3 20. Qxd3 Rxd3 21. Nhf3 Ba6 22. Re1 Rfd8 23. Rb1 Nxg3 24. fxg3 Bf8 25. a3 R3d7 26. b4 Bd3 27. Rcb2 Bxb1 28. Rxb1 cxb4 29. cxb4 Rxd2 30. Nxd2 Rxd2 31. b5 Na5 32. b6 Nb7 33. Rb5 Bxa3 34. Rxe5 Bc5+ 35. Kh2 Bxb6 36. Rb5 Rd6 37. e5 Re6 38. g4 Nc5 39. Kg3 Nd3 40. Rb3 Nxe5 41. Kh4 Bf2+ 42. g3 Kg7 43. Rb8 Nf3# 0-1

[Event "3. Winter-Open 2024"]
[Site "Nuernberg"]
[Date "2024.02.10"]
[Round "3.5"]
[White "Funk, Benno"]
[Black "Müller, Tim"]
[Result "1-0"]
[WhiteElo "1912"]
[BlackElo "1200"]
[PlyCount "81"]
[EventDate "2024.??.??"]
[WhiteTeam "SGem 1882 Fürth"]
[BlackTeam "SC Noris-Tarrasch Nürnberg 1873"]

1. e4 e5 2. Nf3 Nc6 3. Bc4 Nf6 4. d3 Bc5 5. c3 d6 6. O-O Bg4 7. Nbd2 a5 8. a4 O-O 9. Re1 Ne7 10. h3 Be6 11. Bxe6 fxe6 12. Qb3 Qd7 13. Ng5 Bxf2+ 14. Kxf2 Nxe4+ 15. Kg1 Nxg5 16. Nf1 Nf7 17. Qxb7 Rab8 18. Qe4 c5 19. Nh2 Nd5 20. Nf3 Nf6 21. Qe2 Nd8 22. Bg5 Qb7 23. Rab1 Qb3 24. Nd2 Qxa4 25. Bxf6 gxf6 26. Ne4 Qc6 27. Qh5 d5 28. Nf2 Rb7 29. Ng4 d4 30. Rf1 Rg7 31. Rf2 Rg6 32. Rbf1 Rf7 33. Nh6+ Kg7 34. Nxf7 Nxf7 35. Qf3 Qxf3 36. Rxf3 Ng5 37. Rg3 Rh6 38. Ra1 Kg6 39. Rxa5 f5 40. Rxc5 Kh5 41. Rxe5 1-0

[Event "3. Winter-Open 2024"]
[Site "Nuernberg"]
[Date "2024.02.10"]
[Round "3.6"]
[White "Mohylnyi, Stepan"]
[Black "Hahn, Thomas"]
[Result "1-0"]
[WhiteElo "2142"]
[BlackElo "1642"]
[PlyCount "157"]
[EventDate "2024.??.??"]
[WhiteTeam "SC Noris-Tarrasch Nürnberg 1873"]
[BlackTeam "Spvg Zabo-Eintracht Nürnberg e.V"]

1. e4 c5 2. Nf3 d6 3. Bb5+ Bd7 4. Bxd7+ Nxd7 5. d4 cxd4 6. Qxd4 Ngf6 7. c4 g6 8. Nc3 Bg7 9. b3 O-O 10. Bb2 Nc5 11. Nd5 Nh5 12. e5 e6 13. Nc3 Qb6 14. O-O dxe5 15. Nxe5 Rad8 16. Qe3 Bxe5 17. Qxe5 Nd3 18. Qe2 Nxb2 19. Qxb2 Rd7 20. Rad1 Rfd8 21. Rxd7 Rxd7 22. Rd1 Rxd1+ 23. Nxd1 Qd6 24. Ne3 Nf4 25. h3 Qd4 26. Qxd4 Ne2+ 27. Kf1 Nxd4 28. Ke1 f6 29. Kd2 Kf7 30. b4 e5 31. a4 b6 32. Kd3 Ke6 33. c5 bxc5 34. bxc5 Nc6 35. Kc4 a6 36. Nc2 Na5+ 37. Kc3 Kd5 38. Nb4+ Kxc5 39. Nxa6+ Kb6 40. Nb4 Kc5 41. Nd3+ Kb6 42. Kb4 e4 43. Nc5 Nc6+ 44. Kc4 Ne5+ 45. Kd5 Nd3 46. Nd7+ Ka5 47. Kxe4 Nxf2+ 48. Ke3 Nd1+ 49. Kd2 Nb2 50. Nxf6 h6 51. Ng4 h5 52. Ne5 g5 53. Ke3 Nd1+ 54. Ke4 Kxa4 55. Nf7 g4 56. h4 Kb5 57. Ne5 Kc5 58. Nd7+ Kd6 59. Nf6 Nc3+ 60. Kf5 Nd1 61. Kf4 Nc3 62. Nxh5 Ke6 63. Kxg4 Kf7 64. Kf3 Kg6 65. Nf4+ Kh6 66. g4 Nb5 67. g5+ Kh7 68. h5 Nd4+ 69. Ke4 Nc6 70. Kf5 Ne7+ 71. Kf6 Ng8+ 72. Kf7 Kh8 73. Ng6+ Kh7 74. Kf8 Nh6 75. gxh6 Kxh6 76. Nf4 Kh7 77. Kf7 Kh8 78. Kg6 Kg8 79. h6 1-0

[Event "3. Winter-Open 2024"]
[Site "Nuernberg"]
[Date "2024.02.10"]
[Round "3.7"]
[White "Deschler, Arne"]
[Black "Junge, Fabian"]
[Result "1-0"]
[WhiteElo "2058"]
[BlackElo "1703"]
[PlyCount "95"]
[EventDate "2024.??.??"]
[WhiteTeam "SC Noris-Tarrasch Nürnberg 1873"]
[BlackTeam "SV Würzburg von 1865 e.V."]

1. e4 e5 2. Nf3 Nf6 3. Nc3 Nc6 4. d4 exd4 5. Nxd4 Bb4 6. Nxc6 bxc6 7. Bd3 d5 8. exd5 cxd5 9. O-O O-O 10. h3 Be6 11. Qf3 c5 12. Bg5 c4 13. Be2 Be7 14. Rad1 d4 15. Ne4 Nd5 16. Bxe7 Nxe7 17. Ng5 Bd5 18. Qh5 h6 19. Nf3 Qb6 20. Qh4 Nc6 21. Nxd4 Qxb2 22. Nxc6 Bxc6 23. Qxc4 Rac8 24. Rb1 Qe5 25. Qg4 Qe4 26. Bd3 Qxg4 27. hxg4 Ba4 28. Rb7 Bxc2 29. Bxc2 Rxc2 30. Rxa7 Rd8 31. Rb1 Rdd2 32. Rb8+ Kh7 33. Rxf7 Rxa2 34. Rbb7 Ra1+ 35. Kh2 Raa2 36. Rxg7+ Kh8 37. Rge7 Ra8 38. Kg3 Kg8 39. Rg7+ Kh8 40. Rh7+ Kg8 41. Rxh6 Ra3+ 42. f3 Raa2 43. Rc6 Rxg2+ 44. Kf4 Ra8 45. Kg5 Rf8 46. Rg6+ Kh8 47. Rh6+ Kg8 48. Kg6 1-0

[Event "3. Winter-Open 2024"]
[Site "Nuernberg"]
[Date "2024.02.10"]
[Round "3.8"]
[White "Schlötterer, Hermann"]
[Black "Meulner, Klaus"]
[Result "0-1"]
[WhiteElo "1788"]
[BlackElo "2017"]
[PlyCount "148"]
[EventDate "2024.??.??"]
[WhiteTeam "Spvg Zabo-Eintracht Nürnberg e.V"]
[BlackTeam "SC Schwarz-Weiß Nürnberg Süd e.V"]

1. d4 d5 2. c4 dxc4 3. e4 Nf6 4. Nc3 e5 5. Nf3 exd4 6. Nxd4 Bc5 7. Be3 Na6 8. Bxc4 Ng4 9. O-O O-O 10. Rc1 Qh4 11. Nf3 Nxe3 12. Nxh4 Nxd1 13. Rcxd1 Bg4 14. Nf3 Rad8 15. Rxd8 Rxd8 16. Bxf7+ Kxf7 17. Ne5+ Ke6 18. Nxg4 Rd2 19. Rb1 h5 20. Ne3 Bxe3 21. fxe3 c6 22. b4 Rc2 23. Rb3 Nb8 24. Kf1 Nd7 25. Ne2 Rxa2 26. Nf4+ Kf7 27. Nxh5 a5 28. bxa5 Nc5 29. Rb1 Rxa5 30. Ng3 b5 31. Ke2 Ra2+ 32. Kf3 Nd3 33. Nf5 Ne5+ 34. Kg3 Nc4 35. Nd4 Nd2 36. Rc1 Nxe4+ 37. Kf3 Nd2+ 38. Kf4 b4 39. Rxc6 b3 40. Rc7+ Kg8 41. Nxb3 Nxb3 42. Rb7 Nc5 43. Rb5 Nd7 44. Kf3 Kf7 45. h4 Kf6 46. g4 Ne5+ 47. Kg3 Ra4 48. Rb6+ Kf7 49. Rb7+ Kg8 50. g5 Kh7 51. Re7 Ng6 52. Re6 Nxh4 53. e4 Ng6 54. Kg4 Ra7 55. Re8 Ra5 56. Re6 Ne5+ 57. Kf5 Nd3+ 58. Kg4 Re5 59. Rxe5 Nxe5+ 60. Kf5 Nc4 61. e5 Ne3+ 62. Ke4 Nc4 63. Kf5 Nb6 64. e6 Nd5 65. Ke5 Ne7 66. Kd6 Nf5+ 67. Ke5 Kg6 68. Kf4 Nd4 69. Ke5 Nxe6 70. Kxe6 Kxg5 71. Ke5 Kg4 72. Ke4 g5 73. Ke3 Kg3 74. Ke2 Kg2 0-1

[Event "3. Winter-Open 2024"]
[Site "Nuernberg"]
[Date "2024.02.10"]
[Round "3.9"]
[White "Ratushnyi, Viktor"]
[Black "Nesmjanowitsch, Julia"]
[Result "1-0"]
[WhiteElo "2004"]
[BlackElo "1666"]
[PlyCount "84"]
[EventDate "2024.??.??"]
[WhiteTeam "SC Schwarz-Weiß Nürnberg Süd e.V"]
[BlackTeam "SC JÄKLECHEMIE Talente Franken e"]

1. e4 e5 2. Nf3 Nc6 3. Nc3 Nf6 4. d4 exd4 5. Nxd4 Bc5 6. Be3 Nxd4 7. Bxd4 Qe7 8. Bxc5 Qxc5 9. Qd2 d6 10. f3 Be6 11. O-O-O O-O-O 12. Na4 Qc6 13. Qa5 a6 14. Nc3 Bc4 15. Rd4 Bxf1 16. Rxf1 Rhe8 17. Nd5 Nxd5 18. Rxd5 Re6 19. Rfd1 Rde8 20. Qb4 Rg6 21. R1d2 Rd8 22. Qd4 Kb8 23. h4 f6 24. h5 Rh6 25. g4 Qd7 26. c4 c5 27. Rxc5 dxc5 28. Qxd7 Rxd7 29. Rxd7 g6 30. hxg6 hxg6 31. Rf7 g5 32. Kc2 Rh2+ 33. Kc3 Rh6 34. a3 Ka7 35. b4 cxb4+ 36. axb4 Kb6 37. Kd4 Kc6 38. Re7 Rg6 39. Re6+ Kd7 40. Rb6 Kc7 41. c5 Rh6 42. Kd5 Rg6 1-0

[Event "3. Winter-Open 2024"]
[Site "Nuernberg"]
[Date "2024.02.10"]
[Round "3.10"]
[White "Reich, Elisabeth"]
[Black "Kroneder, Christian"]
[Result "1/2-1/2"]
[WhiteElo "1747"]
[BlackElo "1984"]
[PlyCount "75"]
[EventDate "2024.??.??"]
[WhiteTeam "ATSV Oberkotzau"]
[BlackTeam "SK Schwanstetten 79 e.V."]

1. e4 c5 2. Nf3 d6 3. d3 g6 4. g3 Bg7 5. Bg2 Nc6 6. O-O e6 7. Nbd2 Nge7 8. Re1 O-O 9. Nf1 Rb8 10. h4 d5 11. Qe2 b6 12. N1h2 dxe4 13. dxe4 Nb4 14. Rd1 Qc7 15. a3 Ba6 16. c4 Nbc6 17. Rb1 Rbd8 18. b3 Rxd1+ 19. Qxd1 Rd8 20. Qc2 Qd7 21. Be3 Nd4 22. Bxd4 cxd4 23. Rd1 Bb7 24. Ne1 e5 25. Nd3 f5 26. Qe2 Qd6 27. a4 Qa3 28. exf5 Bxg2 29. Kxg2 Nxf5 30. Nxe5 Re8 31. Nhf3 Qxb3 32. Re1 Qxa4 33. Qe4 Qa5 34. Qc6 Rxe5 35. Nxe5 Bxe5 36. Qe8+ Kg7 37. Rxe5 Qd2 38. Re7+ 1/2-1/2

[Event "3. Winter-Open 2024"]
[Site "Nuernberg"]
[Date "2024.02.10"]
[Round "3.11"]
[White "Waschner, Richard"]
[Black "Liemann, Michael"]
[Result "1/2-1/2"]
[WhiteElo "1673"]
[BlackElo "1949"]
[PlyCount "49"]
[EventDate "2024.??.??"]
[WhiteTeam "Spvg Zabo-Eintracht Nürnberg e.V"]
[BlackTeam "SC Forchheim e.V."]

1. d4 d5 2. Nc3 Nf6 3. Bf4 c5 4. e4 Nxe4 5. Nxe4 dxe4 6. dxc5 Qa5+ 7. c3 Qxc5 8. Qa4+ Nc6 9. Qxe4 g6 10. Qc2 Bg7 11. Be3 Qa5 12. Nf3 O-O 13. Bc4 Bf5 14. Qb3 Qc7 15. Be2 Be6 16. Qc2 Rfd8 17. O-O Bf5 18. Qa4 Bd3 19. Rfe1 Bxe2 20. Rxe2 Rd5 21. Rd1 b5 22. Qb3 Rxd1+ 23. Qxd1 Rd8 24. Rd2 Rxd2 25. Qxd2 1/2-1/2

[Event "3. Winter-Open 2024"]
[Site "Nuernberg"]
[Date "2024.02.10"]
[Round "3.12"]
[White "Koellner, Ulrich"]
[Black "Pilhöfer, Lukas"]
[Result "1/2-1/2"]
[WhiteElo "1661"]
[BlackElo "1900"]
[PlyCount "42"]
[EventDate "2024.??.??"]
[WhiteTeam "SV 1920 Hofheim"]
[BlackTeam "SC Sulzbach-Rosenberg"]

1. d4 Nf6 2. c4 g6 3. Nc3 d5 4. cxd5 Nxd5 5. e4 Nxc3 6. bxc3 Bg7 7. Nf3 c5 8. Rb1 Nc6 9. d5 Ne5 10. Nxe5 Bxe5 11. Qd2 O-O 12. c4 e6 13. Bb2 Bxb2 14. Rxb2 exd5 15. cxd5 Re8 16. f3 f5 17. Bd3 fxe4 18. Bxe4 Bf5 19. O-O Bxe4 20. fxe4 Qd7 21. Qc3 b6 1/2-1/2

[Event "3. Winter-Open 2024"]
[Site "Nuernberg"]
[Date "2024.02.10"]
[Round "3.13"]
[White "Vogiatzis, Dimitrios"]
[Black "Antipka, Gherman"]
[Result "1-0"]
[WhiteElo "1897"]
[BlackElo "1450"]
[PlyCount "81"]
[EventDate "2024.??.??"]
[WhiteTeam "SC Noris-Tarrasch Nürnberg 1873"]
[BlackTeam "SC JÄKLECHEMIE Talente Franken e"]

1. e4 e5 2. d4 exd4 3. Qxd4 Nc6 4. Qe3 d6 5. Nc3 Nf6 6. Bd2 Bd7 7. O-O-O Qe7 8. f4 g6 9. Nf3 O-O-O 10. h3 Re8 11. Bd3 Bg7 12. Rhe1 h5 13. Nd4 Kb8 14. Ncb5 Nxd4 15. Qxd4 Bxb5 16. Bxb5 Rd8 17. Qa4 Nd7 18. Kb1 Nc5 19. Qb4 Rhg8 20. Be3 Nd7 21. a4 Nc5 22. Bc6 b6 23. Qb5 a6 24. Qc4 Ka7 25. b4 Nb7 26. Qd5 Rb8 27. a5 Rgd8 28. Rd3 Qe6 29. axb6+ cxb6 30. Ra3 Qxd5 31. exd5 Rf8 32. Bf2 Nd8 33. b5 Nxc6 34. Rxa6+ Kb7 35. dxc6+ Kc8 36. Re7 Bf6 37. Rd7 Re8 38. Raa7 Bd8 39. Bh4 Re1+ 40. Bxe1 Ra8 41. Rxa8# 1-0

[Event "3. Winter-Open 2024"]
[Site "Nuernberg"]
[Date "2024.02.10"]
[Round "3.14"]
[White "Blumenthal, Benjamin"]
[Black "Bruss, Robert"]
[Result "1/2-1/2"]
[WhiteElo "1637"]
[BlackElo "1895"]
[PlyCount "53"]
[EventDate "2024.??.??"]
[WhiteTeam "SC Noris-Tarrasch Nürnberg 1873"]
[BlackTeam "SV Altensittenbach"]

1. c4 Nf6 2. e3 e5 3. Nc3 d5 4. cxd5 Nxd5 5. Qb3 Nb4 6. a3 Nd3+ 7. Bxd3 Qxd3 8. Qb5+ Qxb5 9. Nxb5 Kd8 10. e4 Be6 11. d3 Nc6 12. Ne2 f5 13. Bg5+ Kd7 14. Rc1 a6 15. Nbc3 f4 16. f3 Bc5 17. Na4 Be3 18. Nc5+ Bxc5 19. Rxc5 Kd6 20. Rc3 h6 21. Bh4 Nd4 22. Nxd4 exd4 23. Rc1 Bb3 24. Bf2 c5 25. g3 g5 26. gxf4 gxf4 27. Rg1 1/2-1/2

[Event "3. Winter-Open 2024"]
[Site "Nuernberg"]
[Date "2024.02.10"]
[Round "3.15"]
[White "Ratushna, Olha"]
[Black "Vennemann, Jürgen"]
[Result "0-1"]
[WhiteElo "1477"]
[BlackElo "1843"]
[PlyCount "122"]
[EventDate "2024.??.??"]
[WhiteTeam "SC Schwarz-Weiß Nürnberg Süd e.V"]
[BlackTeam "SC Hersbruck"]

1. e4 d6 2. d4 Nf6 3. Nc3 e5 4. dxe5 dxe5 5. Qxd8+ Kxd8 6. Nf3 Bd6 7. Bc4 Be6 8. Bxe6 fxe6 9. Bg5 Ke7 10. O-O-O h6 11. Bh4 a6 12. Nd2 b5 13. Rhe1 g5 14. Bg3 Nh5 15. h3 Nxg3 16. fxg3 Nd7 17. Nb3 Bb4 18. Re3 Rhf8 19. a3 Bd6 20. Re2 Rf7 21. Nd2 h5 22. Rh1 Raf8 23. Nf3 g4 24. hxg4 hxg4 25. Nd2 Nb8 26. Rh4 Rg8 27. Nd1 Nc6 28. Rf2 Rfg7 29. Rh6 Nd4 30. c3 Nc6 31. Nf1 Rg6 32. Rxg6 Rxg6 33. b4 Nd8 34. Nde3 c5 35. Nh2 cxb4 36. axb4 Nf7 37. Kd2 Nh6 38. Kd3 Rg8 39. Ra2 Ra8 40. Nhxg4 Nxg4 41. Nxg4 Rg8 42. Ne3 Ra8 43. c4 Bxb4 44. cxb5 Rd8+ 45. Kc4 Rd4+ 46. Kb3 axb5 47. Nc2 Rxe4 48. Nxb4 Re3+ 49. Kc2 Rxg3 50. Kd1 Kd6 51. Ke1 Kc5 52. Na6+ Kc4 53. Kf2 Rc3 54. g4 b4 55. Rb2 b3 56. Re2 Rc2 57. Nc5 Kxc5 58. g5 Rxe2+ 59. Kxe2 b2 60. g6 b1=Q 61. g7 Qg6 0-1

[Event "3. Winter-Open 2024"]
[Site "Nuernberg"]
[Date "2024.02.10"]
[Round "3.16"]
[White "Fridlin, Daniel"]
[Black "Ratushnyi, Artur"]
[Result "1-0"]
[WhiteElo "1663"]
[BlackElo "1318"]
[PlyCount "51"]
[EventDate "2024.??.??"]
[WhiteTeam "SC Noris-Tarrasch Nürnberg 1873"]
[BlackTeam "SC Schwarz-Weiß Nürnberg Süd e.V"]

1. e4 e5 2. Nf3 Nc6 3. Nc3 Nf6 4. d4 exd4 5. Nxd4 Bc5 6. Be3 Bb6 7. f3 O-O 8. Qd2 Re8 9. O-O-O d5 10. Bb5 Bxd4 11. Bxd4 dxe4 12. Bxf6 Qxd2+ 13. Rxd2 gxf6 14. Nxe4 Kg7 15. Rhd1 Be6 16. a3 a6 17. Bxc6 bxc6 18. Nc5 Bd5 19. b3 Re7 20. c4 Be6 21. g4 Kh6 22. h3 f5 23. Rd8 Ra7 24. Re1 fxg4 25. hxg4 Kg6 26. f4 1-0

[Event "3. Winter-Open 2024"]
[Site "Nuernberg"]
[Date "2024.02.10"]
[Round "3.17"]
[White "Miller, Renold"]
[Black "Killmann, Reinmar"]
[Result "1/2-1/2"]
[WhiteElo "1468"]
[BlackElo "1749"]
[PlyCount "53"]
[EventDate "2024.??.??"]
[WhiteTeam "SC Rastatt"]
[BlackTeam "SC JÄKLECHEMIE Talente Franken e"]

1. b3 e5 2. Bb2 d6 3. e3 Nf6 4. Nf3 Bf5 5. Be2 Nc6 6. O-O g6 7. c4 Bg7 8. d4 exd4 9. exd4 O-O 10. d5 Nb4 11. Nd4 Bxb1 12. Qxb1 Re8 13. Bf3 Na6 14. Qc2 Nc5 15. Rfe1 a6 16. b4 Ncd7 17. a4 Ne5 18. b5 a5 19. Be4 Ned7 20. Ba3 Nxe4 21. Rxe4 Nc5 22. Rxe8+ Qxe8 23. Bb2 Qd7 24. Nb3 Nxb3 25. Qxb3 b6 26. Bxg7 Kxg7 27. Qc3+ 1/2-1/2

[Event "3. Winter-Open 2024"]
[Site "Nuernberg"]
[Date "2024.02.10"]
[Round "3.18"]
[White "Kessler, Georg"]
[Black "Dreiseitel, Werner"]
[Result "1-0"]
[WhiteElo "1658"]
[BlackElo "1466"]
[PlyCount "115"]
[EventDate "2024.??.??"]
[WhiteTeam "SC Sulzbach-Rosenberg"]
[BlackTeam "SC Schwarz-Weiß Nürnberg Süd e.V"]

1. Nf3 d5 2. c4 e6 3. d4 c6 4. Nc3 Nf6 5. Bg5 Be7 6. e3 O-O 7. cxd5 exd5 8. Bd3 Bg4 9. h3 Be6 10. O-O Nbd7 11. Re1 Re8 12. Qc2 h6 13. Bh4 Nh5 14. Bxe7 Rxe7 15. b4 a6 16. a4 Nhf6 17. b5 axb5 18. axb5 Re8 19. Ne2 Qb6 20. bxc6 bxc6 21. Rxa8 Rxa8 22. Rb1 Qc7 23. Rc1 Nb8 24. Ne5 Bd7 25. Bb5 Qa5 26. Bxc6 Nxc6 27. Nxc6 Qb6 28. Ne5 Be6 29. Nf4 Rc8 30. Qb1 Qxb1 31. Rxb1 Rc2 32. Nxe6 fxe6 33. Rb6 Ne4 34. Nd3 Kf7 35. Rb2 Rxb2 36. Nxb2 Kf6 37. Nd3 h5 38. f3 Ng3 39. Kf2 h4 40. Ke1 Kf5 41. Nc1 g5 42. Ne2 Nh5 43. Kf2 e5 44. g4+ hxg3+ 45. Nxg3+ Nxg3 46. Kxg3 e4 47. fxe4+ Kxe4 48. Kf2 Kd3 49. Kf3 Kd2 50. e4 dxe4+ 51. Kxe4 Ke2 52. d5 Kf2 53. d6 Kg3 54. d7 Kxh3 55. d8=Q g4 56. Qg5 g3 57. Kf3 Kh2 58. Qxg3+ 1-0

[Event "3. Winter-Open 2024"]
[Site "Nuernberg"]
[Date "2024.02.10"]
[Round "3.19"]
[White "Blumenthal Tuset, Sebastian"]
[Black "Mankus, Siegfried"]
[Result "1/2-1/2"]
[WhiteElo "1640"]
[BlackElo "1448"]
[PlyCount "51"]
[EventDate "2024.??.??"]
[WhiteTeam "SC Noris-Tarrasch Nürnberg 1873"]
[BlackTeam "Spvg Zabo-Eintracht Nürnberg e.V"]

1. e4 e6 2. d4 d5 3. Nd2 dxe4 4. Nxe4 Nd7 5. Nf3 Ngf6 6. Bd3 b6 7. O-O Bb7 8. Ng3 h6 9. Re1 c5 10. dxc5 Bxc5 11. h3 O-O 12. c3 Qc7 13. Ne4 Nxe4 14. Bxe4 Nf6 15. Bc2 Rad8 16. Qe2 Qb8 17. Bd3 Qa8 18. Rd1 Kh8 19. b3 Nd5 20. Qb2 Nxc3 21. Qxc3 Bxf3 22. gxf3 Bd4 23. Qe1 Bxa1 24. Qe3 Qc8 25. Qe4 f5 26. Qh4 1/2-1/2

[Event "3. Winter-Open 2024"]
[Site "Nuernberg"]
[Date "2024.02.10"]
[Round "3.20"]
[White "Denninger, David"]
[Black "Kaza, Charith"]
[Result "1-0"]
[WhiteElo "1621"]
[BlackElo "1393"]
[PlyCount "93"]
[EventDate "2024.??.??"]
[WhiteTeam "SC JÄKLECHEMIE Talente Franken e"]
[BlackTeam "SC Noris-Tarrasch Nürnberg 1873"]

1. d4 d5 2. Bf4 Bf5 3. e3 e6 4. c3 Nd7 5. Nf3 c5 6. Nbd2 Ngf6 7. Nh4 Bg4 8. f3 Ne4 9. Nxe4 dxe4 10. fxg4 Qxh4+ 11. Bg3 Qg5 12. Bf4 Qf6 13. g5 Qd8 14. Qc2 cxd4 15. exd4 Qb6 16. Be2 Be7 17. O-O O-O 18. Kh1 Qc6 19. Rae1 f5 20. gxf6 Nxf6 21. Qb3 Qb6 22. Bc4 Nh5 23. Qxb6 axb6 24. Bxe6+ Kh8 25. Be5 e3 26. g4 Rxf1+ 27. Rxf1 Bh4 28. Bc4 Nf6 29. Bxf6 gxf6 30. a3 Re8 31. Be2 Bf2 32. Kg2 h6 33. Rd1 Rf8 34. d5 f5 35. d6 f4 36. d7 Rd8 37. Kf3 Kg7 38. Bb5 Kf6 39. Rd6+ Ke7 40. Rxh6 Rf8 41. Rh5 Kd8 42. Re5 e2 43. Re8+ Rxe8 44. dxe8=Q+ Kc7 45. Kxf2 f3 46. Kxf3 e1=Q 47. Qxe1 1-0

[Event "3. Winter-Open 2024"]
[Site "Nuernberg"]
[Date "2024.02.10"]
[Round "3.21"]
[White "Huber, Andreas"]
[Black "Denninger, Tanja"]
[Result "1-0"]
[WhiteElo "1553"]
[BlackElo "1240"]
[PlyCount "105"]
[EventDate "2024.??.??"]
[WhiteTeam "SK Töging"]
[BlackTeam "SC JÄKLECHEMIE Talente Franken e"]

1. e4 c5 2. Nf3 d6 3. d4 cxd4 4. Nxd4 Nf6 5. Nc3 g6 6. h3 Bg7 7. Be3 O-O 8. Be2 Bd7 9. Qd2 Nc6 10. O-O Nxd4 11. Bxd4 a6 12. a4 Bc6 13. f3 Rc8 14. a5 e5 15. Bb6 Qe7 16. Rfd1 Ne8 17. b3 Qh4 18. Bc4 Bh6 19. Be3 Bxe3+ 20. Qxe3 Kg7 21. Nd5 f5 22. Nb6 Rd8 23. Bd5 Nc7 24. Bxc6 bxc6 25. c4 Ne6 26. b4 Nd4 27. Ra2 fxe4 28. fxe4 Rf4 29. g3 Rxe4 30. Qd3 Qxh3 31. Qxe4 Qxg3+ 32. Rg2 Nf3+ 33. Kf1 Qh3 34. Rd3 Rf8 35. Rxf3 Qxf3+ 36. Qxf3 Rxf3+ 37. Rf2 Rb3 38. Rd2 Rf3+ 39. Kg2 Rf6 40. Nc8 d5 41. cxd5 cxd5 42. Rxd5 e4 43. Nd6 Re6 44. Kf2 Kf6 45. Ke3 Re5 46. Rxe5 Kxe5 47. Nxe4 h5 48. Nc5 Kd5 49. Nxa6 Kc6 50. Kf4 Kb5 51. Nc5 h4 52. Kg4 g5 53. Ne4 1-0

[Event "3. Winter-Open 2024"]
[Site "Nuernberg"]
[Date "2024.02.10"]
[Round "3.22"]
[White "Heron, Steve"]
[Black "Bharathula, Agasthya"]
[Result "1-0"]
[WhiteElo "1551"]
[BlackElo "1318"]
[PlyCount "109"]
[EventDate "2024.??.??"]
[BlackTeam "SC Noris-Tarrasch Nürnberg 1873"]

1. e4 e5 2. Nf3 Nc6 3. Nc3 Bc5 4. Nxe5 Qh4 5. Nd3 b6 6. Nxc5 bxc5 7. d3 Bb7 8. g3 Qd8 9. Bg2 Nd4 10. O-O Ne7 11. Ne2 Nxe2+ 12. Qxe2 O-O 13. f4 f5 14. Bd2 Rb8 15. Bc3 d5 16. exd5 Bxd5 17. Qe5 Rf7 18. Bf3 Bxf3 19. Rxf3 Qd6 20. Qxd6 cxd6 21. d4 Nd5 22. dxc5 dxc5 23. Be5 Rbb7 24. a3 Rfd7 25. Rd3 Nb6 26. Rad1 Rxd3 27. Rxd3 Nc4 28. b3 Nxa3 29. Rc3 Rb5 30. Bd6 Nb1 31. Rxc5 Rxc5 32. Bxc5 a6 33. Bb4 Kf7 34. Kf2 Ke6 35. c4 Kd7 36. Ke2 a5 37. Bxa5 Na3 38. Kd3 Kc6 39. Bb4 Nxc4 40. bxc4 Kb6 41. Kd4 Kc6 42. c5 Kd7 43. Kd5 Kc7 44. c6 Kd8 45. Kd6 Kc8 46. c7 g6 47. Bc3 h6 48. Bf6 h5 49. h4 Kb7 50. Kd7 Ka6 51. c8=Q+ Kb6 52. Qc6+ Ka7 53. Bd4+ Kb8 54. Qb6+ Ka8 55. Qa7# 1-0

[Event "3. Winter-Open 2024"]
[Site "Nuernberg"]
[Date "2024.02.10"]
[Round "3.23"]
[White "Spear, Jonas"]
[Black "Kiehne, Pascal"]
[Result "1/2-1/2"]
[WhiteElo "1200"]
[BlackElo "1541"]
[PlyCount "88"]
[EventDate "2024.??.??"]
[WhiteTeam "SC JÄKLECHEMIE Talente Franken e"]
[BlackTeam "SG Büchenbach/Roth e.V."]

1. e4 c5 2. Nf3 d6 3. d4 cxd4 4. Nxd4 Nf6 5. Nc3 a6 6. Bc4 e6 7. f3 b5 8. Bb3 Bb7 9. Be3 Be7 10. Qd2 Nbd7 11. O-O O-O 12. Nde2 Rc8 13. Nf4 Nb6 14. Nxe6 fxe6 15. Bxe6+ Kh8 16. Bxc8 Bxc8 17. Qf2 Nc4 18. b3 Ne5 19. Rad1 b4 20. Ne2 Nxe4 21. Qe1 Nf6 22. Qxb4 d5 23. Qc3 Bd6 24. Nf4 Bc7 25. Bd4 Nxf3+ 26. Rxf3 Bg4 27. Re1 Bxf3 28. Qxf3 Bxf4 29. Qxf4 Qa5 30. Ra1 Kg8 31. Qf2 Ne4 32. Qe1 Qd2 33. Be5 Qxc2 34. h3 Qf2+ 35. Qxf2 Rxf2 36. Bd4 Rd2 37. Be3 Rd3 38. Re1 d4 39. Bf4 Nc3 40. Re6 Nxa2 41. Rxa6 Nc3 42. Be5 g6 43. Rd6 Rd1+ 44. Kh2 Nb5 1/2-1/2

[Event "3. Winter-Open 2024"]
[Site "Nuernberg"]
[Date "2024.02.10"]
[Round "3.24"]
[White "Frysztacki, Marco"]
[Black "Biesler, Tobias"]
[Result "1/2-1/2"]
[WhiteElo "1527"]
[BlackElo "1200"]
[PlyCount "35"]
[EventDate "2024.??.??"]
[WhiteTeam "SV Lauf a.d.P."]
[BlackTeam "SC Sulzbach-Rosenberg"]

1. e4 e5 2. f4 d6 3. Nf3 Nc6 4. Bb5 Bd7 5. O-O g6 6. fxe5 Nxe5 7. Bxd7+ Qxd7 8. d4 Nxf3+ 9. Qxf3 Bg7 10. c3 Nf6 11. e5 dxe5 12. Qxb7 O-O 13. dxe5 c6 14. Qxd7 Nxd7 15. Bf4 Nxe5 16. Bxe5 Bxe5 17. Nd2 Rfe8 18. Nc4 1/2-1/2